00922 2200349 4500001002100000005001500021035002000036007000300056008004100059020001800100082001100118084001800129100002100147245010800168260005800276300003800334650001300372700002000385520003000405520001100435520001300446990001200459990001200471990001100483990001200494990001100506990001100517990001100528990001100539990001100550990001100561INLIS00000000000205120180709114021 a0010-0718000003ta180709 g 0 ind  a9786024240752 a322.42 a322.42 MOH p0 aMOHAMMAD, Sobary1 aPerlawanan Politik dan Puitik Petani Tembakau Temanggung /cMohammad Sobary; penyunting, Candra Gautama aJakarta :bKPG ( Kepustakaan Populer Gramedia),c2016 axiii, 345 hlm. :bilus. ;c20 cm. aREVOLUSI0 aCANDRA, Gautama abibliografi: hlm. 261-269 aIndeks aLampiran a16721 a a16721 b a16721b a16721 a a16721a a16721b a16721b a16721a a16721a a16721b